Mistério no Caribe / (Record no. 139)

MARC details
000 -LÍDER
campo de controle de tamanho fixo 01580nam a2200349 4500
001 - NÚMERO DE CONTROLE
campo de controle 139
003 - IDENTIFICADOR DO NÚMERO DE CONTROLE
campo de controle OSt
005 - DATA E HORÁRIO DA ÚLTIMA TRANSAÇÃO
campo de controle 20250528074013.0
008 - CAMPO DE DADOS FIXOS--INFORMAÇÃO GERAL
campo de controle de tamanho fixo 250128b |||||||g |||| 00| 1 eng d
040 ## - FONTE DA CATALOGAÇÃO
Idioma da catalogação por
041 ## - CÓDIGO DE IDIOMA
Código do idioma do original e/ou traduções intermediárias do texto eng
Código do idioma do texto/trilha sonora ou título diferente por
082 ## - CDD - CLASSIFICAÇÃO DECIMAL DE DEWEY
Número de Classificação 823
Número do exemplar C555mi
100 1# - ENTRADA PRINCIPAL--NOME PESSOAL
Nome pessoal Christie, Agatha,
Datas associadas ao nome 1890-1976
9 (RLIN) 268
240 ## - TÍTULO UNIFORME
Título uniforme A caribbean mystery
245 ## - TÍTULO
Título Mistério no Caribe /
Indicação de responsabilidade, etc. Christie, Agatha ; Tradução de Carmen Ballot
260 ## - PUBLICAÇÃO, DISTRIBUIÇÃO, ETC.
Local de publicação, distribuição, etc. São Paulo
Nome do editor, distribuidor, etc. Nova Cultural
Data da publicação, distribuição, etc. 1987
300 ## - DESCRIÇÃO FÍSICA
Extensão 210 p.
490 1# - TÍTULO DA SÉRIE
Título da série Miss Marple
520 ## - NOTA DE RESUMO, ETC.
Resumo, etc. Em Mistério no Caribe, Miss Marple surge em um cenário incomum: devido ao reumatismo, seu sobrinho - um romancista de sucesso - insiste para que ela tire férias. O destino escolhido é o Caribe, lugar paradisíaco de clima quente e povo generoso. No entanto, uma vez acomodada no Hotel Palmeira Dourada, rodeada por uma paisagem linda, a poucos passos do mar, e cercada de atenções, Miss Marple entedia-se profundamente. Mas não demora muito, um crime que parecia ser morte natural faz com que Miss Marple inicie uma investigação que só o "jeitinho" da velhinha mais famosa dos livros da Agatha Crhistie poderia ter para desvendar assassinatos.
650 #0 - ASSUNTO--TERMO TÓPICO
Cabeçalho tópico ou nome geográfico Literatura Inglesa
9 (RLIN) 89
650 #0 - ASSUNTO--TERMO TÓPICO
Cabeçalho tópico ou nome geográfico Romance Policial
9 (RLIN) 11
650 #0 - ASSUNTO--TERMO TÓPICO
Cabeçalho tópico ou nome geográfico Suspense
9 (RLIN) 10
650 #0 - ASSUNTO--TERMO TÓPICO
Cabeçalho tópico ou nome geográfico Mistério
9 (RLIN) 42
650 #0 - ASSUNTO--TERMO TÓPICO
Cabeçalho tópico ou nome geográfico Crime e Investigação
9 (RLIN) 13
650 #0 - ASSUNTO--TERMO TÓPICO
Cabeçalho tópico ou nome geográfico Clássicos
9 (RLIN) 77
650 #0 - ASSUNTO--TERMO TÓPICO
Cabeçalho tópico ou nome geográfico Filme
9 (RLIN) 26
655 #0 - TERMO DE ÍNDICE--GÊNERO E FORMA
Gênero/forma/ou termo foco Romance
655 #0 - TERMO DE ÍNDICE--GÊNERO E FORMA
Gênero/forma/ou termo foco Ficção
700 ## - ENTRADA ADICIONADA - NOME PESSOAL
Nome pessoal Carmen Ballot
Função do autor por extenso Tradutor
9 (RLIN) 287
830 ## - ENTRADA SECUNDÁRIA DE SÉRIE--TÍTULO UNIFORME
Título uniforme Miss Marple
9 (RLIN) 276
942 ## - ELEMENTOS DE ENTRADA ADICIONADOS (KOHA)
Fonte de classificação ou esquema de arquivamento Classificação decimal de Dewey
Ocultar no OPAC Não
Tipo de material Koha Livros
Holdings
Situação do descarte Situação das perdas Fonte de classificação ou esquema de arquivamento Status danificado Não pode ser emprestado Coleção Biblioteca de origem Biblioteca atual Localização na estante Data de aquisição Fonte de aquisição Total de empréstimos Número de chamada completo Código de barras Data de último acesso Data do preço efetivo Tipo de material Koha
    Classificação decimal de Dewey     Ficção Biblioteca Professor Eduardo Afonso de Castro Biblioteca Professor Eduardo Afonso de Castro Literatura Estrangeira 05.09.2013 doação   823 / C555mi 2025-14735 28.01.2025 28.01.2025 Livros

Powered by Koha